000 00530nam a2200181Ia 4500
008 151018s9999 xx 000 0 und d
082 _bRBASDV32106
_a891.463
100 _aपु भा भावे
245 _aअकुलिना
250 _b1
260 _b"अक्षता प्रकाशन, पुणे"
_c1999
300 _a176
600 _aपु भा भावे
630 _aअकुलिना
700 _aपु भा भावे
730 _aअकुलिना
942 _cBOOK
999 _c1031632
_d1031629